Trouvez la langue grâce à sa description sur Wikipédia - Statistiques

Statistiques générales
  • Ce quiz a été pris 87 fois
  • Le résultat moyen est 13 sur 20
Statistiques - réponses
Extrait Réponse % Correct
Il est la quatrième langue utilisée sur Internet après l'espagnol, le mandarin et l'anglais. Français
100%
Considérée par beaucoup comme étant la langue internationale prédominante, elle est la langue la plus souvent enseignée en tant que langue étrangère à travers le monde. Anglais
96%
En 1956, c'est la variante de Pékin qui est promue au rang de langue officielle. On la considère souvent comme la variante standard de cette langue. Mandarin
96%
En Europe centrale, les anciens pays du bloc de l'Est, où l'apprentissage du [...] était autrefois systématique, se tournent depuis la fin du communisme vers l'anglais. Russe
95%
De nombreuses écoles et universités continuent à l'enseigner et le nombre de locuteurs dans le monde est estimé à 2 000 personnes. Latin
84%
La langue [...] s'écrit avec les 26 lettres de l'alphabet latin, trois voyelles surmontées d'un Umlaut (sorte de tréma) ä, ö et ü, et un symbole graphique spécial ß, Eszett ou scharfes S. Allemand
83%
Elle devint au VIIe siècle la langue du Coran et la langue liturgique de l'islam. Arabe
81%
Langue seconde du Groenland, le [...] est aussi une des langues officielles de l'Union européenne. Danois
79%
En [...], « langue [...] » se dit nihongo (日本語) Japonais
77%
On distingue cinq aires de variation topolectale de l'[...] en Amérique. Espagnol
75%
L'[...] ancien, ou classique, est la langue rituelle et liturgique de la religion juive, tandis que l'[...] moderne compte plus de neuf millions de locuteurs en Israël. Hébreu
74%
Le [...] est une langue hellénique, seule survivante de cette famille. Grec
71%
Il est aussi parlé à Malte (où il a été langue officielle jusqu'en 1934, actuellement 66 % des Maltais le parlent). Italien
71%
L'une des particularités du [...] par rapport aux autres langues romanes est que l'article défini y est presque toujours enclitique, c'est-à-dire attaché à la fin du nom : băiat « garçon » → băiatul « le garçon » Roumain
53%
L'[...] est une langue germanique issue du néerlandais, parlée en Afrique du Sud, en Namibie et dans une moindre mesure au Botswana et au Zimbabwe. Afrikaans
49%
L'office, Ofis publik ar brezhoneg, a pour charge de promouvoir la langue et de traiter les questions s'y rapportant. Breton
36%
C'est la langue austroasiatique qui possède le plus de locuteurs. C'est une langue isolante et monosyllabique, dotée d'un système de six tons. Vietnamien
22%
L'[...] est une langue qui constitue à elle seule une branche de la famille des langues indo-européennes, étant seule de cette famille à être plus agglutinante que flexionnelle. Arménien
17%
Le [...] moderne s’écrit à l’aide d’un alphabet de 33 lettres appelé mkhedruli. Géorgien
14%
Il utilise, pour son écriture, l’alphabet latin mais aussi le nsibidi, utilisé par la société Ekpe. Igbo
9%
Aucun quiz correspondant
Distribution des résultats
% des personnes avec chaque résultat
Percentile par nombre de réponses
Votre historique - résultats
Vous n’avez pas pris ce quiz